000
00443nam a2200133Ia 4500
008
100328s9999 xx 000 0 und d
082
_b
57845
100
_a
सावंत पंढरीनाथ
245
_a
अॅटमबॉम्ब स्पाईज
260
_b
प्राजक्ता
630
_a
अॅटमबॉम्ब स्पाईज
730
_a
अॅटमबॉम्ब स्पाईज
942
_c
BOOK
999
_c
544250
_d
544247